000 00665nam a2200277Ia 4500
005 20260324111744.0
008 008 260324s9999 xx 000 0 eng d
020 _a9781003478010
037 _aEBOOK
040 _aCRL
040 _beng
040 _cCRL
041 _2eng
041 _aeng
084 _qCRL
100 _aZachary A. Casey
_91139887
245 0 _aCritical Pedagogy and the Trouble with Consciousness Raising
260 _bTaylor and Francis
260 _c2025
365 _a
365 _b230
856 _uhttp://www.taylorfrancis.com/books/9781003478010
942 _cEBOOK
999 _c1728804
_d1728804